<?xml version="1.0" encoding="UTF-8"?>
<marc:record xmlns:marc="http://www.loc.gov/MARC21/slim">
   <marc:leader>00000nam a2200000 a 4500</marc:leader>
   <marc:datafield ind1="1" ind2=" " tag="100">
      <marc:subfield code="a">Nesser, Håkan</marc:subfield>
      <marc:subfield code="4">aut</marc:subfield>
      <marc:subfield code="e">Verfasser/-in</marc:subfield>
   </marc:datafield>
   <marc:datafield ind1=" " ind2=" " tag="653">
      <marc:subfield code="a">Fiktionale Darstellung</marc:subfield>
   </marc:datafield>
   <marc:datafield ind1=" " ind2=" " tag="653">
      <marc:subfield code="a">Spannung</marc:subfield>
   </marc:datafield>
   <marc:datafield ind1=" " ind2=" " tag="653">
      <marc:subfield code="a">Krimis, Thriller, Spionage</marc:subfield>
   </marc:datafield>
   <marc:datafield ind1="0" ind2="0" tag="245">
      <marc:subfield code="a">Mensch ohne Hund</marc:subfield>
   </marc:datafield>
   <marc:datafield ind1="0" ind2="0" tag="245">
      <marc:subfield code="b">Roman</marc:subfield>
   </marc:datafield>
   <marc:datafield ind1="0" ind2="0" tag="245">
      <marc:subfield code="c">Nesser, Håkan</marc:subfield>
   </marc:datafield>
   <marc:datafield ind1=" " ind2="1" tag="264">
      <marc:subfield code="a">München</marc:subfield>
      <marc:subfield code="b">btb</marc:subfield>
   </marc:datafield>
   <marc:datafield ind1="1" ind2=" " tag="490">
      <marc:subfield code="a">Inspektor Gunnar Barbarotti</marc:subfield>
      <marc:subfield code="v">Bd 1</marc:subfield>
   </marc:datafield>
   <marc:datafield ind1=" " ind2=" " tag="250">
      <marc:subfield code="a">1. Auflage der Neuerscheinung</marc:subfield>
   </marc:datafield>
   <marc:datafield ind1="1" ind2=" " tag="520">
      <marc:subfield code="a">Angaben aus der Verlagsmeldung &#xD;
&#xD;
 Mensch ohne Hund  : Roman  Mensch ohne Hund  / von Håkan Nesser&#xD;
&#xD;
&#xD;
            Spiegel-Bestseller! Der erste Fall für Gunnar Barbarotti.&#xD;
            &#xD;
&#xD;
            &#xD;
Eine Familienfeier, die fröhlich beginnt und tragisch endet: Familie Hermansson hat sich versammelt, um zwei Geburtstage zu begehen: den 65. des gerade pensionierten Vaters Karl-Erik und den 40. der ältesten Tochter Ebba. Doch plötzlich verschwinden zwei Familienmitglieder spurlos, Sohn Walter und Enkel Henrik. Wurden Sie Opfer eines Verbrechens? Die scheinbar heile Familienwelt beginnt zu bröckeln -  und auf den Plan tritt Inspektor Barbarotti und stößt auf ziemlich unschöne Familiengeheimnisse und einen ungewöhnlichen Mörder ...</marc:subfield>
   </marc:datafield>
   <marc:datafield ind1=" " ind2=" " tag="020">
      <marc:subfield code="a">9783442719181</marc:subfield>
      <marc:subfield code="9">9783442719181</marc:subfield>
   </marc:datafield>
   <marc:datafield ind1=" " ind2=" " tag="020">
      <marc:subfield code="a">3442719186</marc:subfield>
      <marc:subfield code="9">3442719186</marc:subfield>
   </marc:datafield>
   <marc:datafield ind1=" " ind2=" " tag="041">
      <marc:subfield code="a">ger</marc:subfield>
   </marc:datafield>
   <marc:datafield ind1="0" ind2=" " tag="490">
      <marc:subfield code="v">Bd 1</marc:subfield>
   </marc:datafield>
   <marc:datafield ind1=" " ind2=" " tag="338">
      <marc:subfield code="a">Band</marc:subfield>
   </marc:datafield>
   <marc:datafield ind1=" " ind2=" " tag="300">
      <marc:subfield code="a">541 Seiten</marc:subfield>
   </marc:datafield>
</marc:record>
